000 00838nam a2200229Ii 4500
003 JO-AjNU
008 230605s9999||||xx |||||||||||||| ||und||
017 _a2021/1/355
020 _a978-9923-15-091-7
040 _aJO-AjNU
_bara
_erda
_cJO-AjNU
041 _aara
050 1 4 _aKMM80 2022
100 3 _aأبو شنب، احمد عبد الكريم,
_eauthor
_962797
245 0 0 _aمصادر الالتزام : مصادر الحقوق الشخصية بالاستهداء بالفقه الاسلامي
250 _aط1
264 3 1 _aعمان: دار الثقافة للنشر والتوزيع، 2022
300 _a776ص
336 _atext
_btxt
_2rdacontent
337 _aunmediated
_bn
_2rdamedia
338 _avolume
_bnc
_2rdacarrier
650 4 _aالاحوال الشخصية-القانون المدني-القانون
_962798
999 _aA28453
_c32021
_d32021